<?xml version="1.0" encoding="UTF-8"?><?xml-stylesheet type="text/xsl" href="static/style.xsl"?><OAI-PMH xmlns="http://www.openarchives.org/OAI/2.0/" xmlns:xsi="http://www.w3.org/2001/XMLSchema-instance" xsi:schemaLocation="http://www.openarchives.org/OAI/2.0/ http://www.openarchives.org/OAI/2.0/OAI-PMH.xsd"><responseDate>2026-04-26T20:25:12Z</responseDate><request verb="GetRecord" identifier="oai:uvadoc.uva.es:10324/4902" metadataPrefix="marc">https://uvadoc.uva.es/oai/request</request><GetRecord><record><header><identifier>oai:uvadoc.uva.es:10324/4902</identifier><datestamp>2025-02-03T13:32:39Z</datestamp><setSpec>com_10324_30605</setSpec><setSpec>com_10324_894</setSpec><setSpec>col_10324_41</setSpec></header><metadata><record xmlns="http://www.loc.gov/MARC21/slim" xmlns:doc="http://www.lyncode.com/xoai" xmlns:xsi="http://www.w3.org/2001/XMLSchema-instance" xmlns:dcterms="http://purl.org/dc/terms/" xsi:schemaLocation="http://www.loc.gov/MARC21/slim http://www.loc.gov/standards/marcxml/schema/MARC21slim.xsd">
<leader>00925njm 22002777a 4500</leader>
<datafield tag="042" ind1=" " ind2=" ">
<subfield code="a">dc</subfield>
</datafield>
<datafield tag="720" ind1=" " ind2=" ">
<subfield code="a">Hernández Castello, María Cristina</subfield>
<subfield code="e">author</subfield>
</datafield>
<datafield tag="260" ind1=" " ind2=" ">
<subfield code="c">2014</subfield>
</datafield>
<datafield tag="520" ind1=" " ind2=" ">
<subfield code="a">Don Iñigo López de Mendoza y Quiñones (1442-1515). Miembro de la familia Mendoza, testigo y autor destacado de algunos de los mas importantes acontecimientos históricos que tuvieron lugar durante el reinado de los Reyes Católicos. En 1486, por orden de los Reyes Católicos, fue enviado como embajador excepcional ante la Santa Sede con la misión principal de prestar obediencia al nuevo pontífice, Inocencio VIII, en nombre de los monarcas...</subfield>
</datafield>
<datafield tag="024" ind2=" " ind1="8">
<subfield code="a">http://uvadoc.uva.es/handle/10324/4902</subfield>
</datafield>
<datafield tag="024" ind2=" " ind1="8">
<subfield code="a">b1674010</subfield>
</datafield>
<datafield tag="024" ind2=" " ind1="8">
<subfield code="a">10.35376/10324/4902</subfield>
</datafield>
<datafield ind1=" " ind2=" " tag="653">
<subfield code="a">López de Mendoza, Iñigo, Marqués de Móndéjar (1442-1515)-Biografía</subfield>
</datafield>
<datafield ind1=" " ind2=" " tag="653">
<subfield code="a">España-Historia-1479-1516 (Isabel y Fernando)</subfield>
</datafield>
<datafield ind1=" " ind2=" " tag="653">
<subfield code="a">Arte del Renacimiento</subfield>
</datafield>
<datafield tag="245" ind1="0" ind2="0">
<subfield code="a">Don Iñigo López de Mendoza, II Conde de Tendilla y las artes : ¿Entre España e Italia?</subfield>
</datafield>
</record></metadata></record></GetRecord></OAI-PMH>